000 00586nam a2200193Ia 4500
008 240510s9999 xx 000 0 und d
020 _a0003540423575
041 _aEng
082 _a004.6
082 _bQ82
100 _aDaduna, H
245 0 _aQueueing networks with discrete time scale :Explicit Expressions for the Steady State Behavior of Discrete Time Stochastic Networksr or the clecture notes in computer science
260 _bSpringer: Tokyo
260 _c2001
300 _a138 p.
650 _anetworks : data communication :
942 _2ddc
942 _cLBK
999 _c27446
_d27446
945 _a1
_bMadushi Gamage
_c1
_dMadushi Gamage